000
00301nam a22001337a 4500
020
_a
978-8172338039
041
_a
ENG
100
_a
Gill.W.R
245
_a
Soil Dynamics In Tillage And Traction
260
_a
India
_b
Scientific Pub
_c
2013
300
_a
511
650
_a
FMP
856
_u
FMP ( 04 )
999
_c
1485
_d
1485